Sports Quiz

Random Sports or Basketball Quiz

30-Points in NBA Finals Decider Quiz Stats

 Plays Quiz Updated Jun 10, 2018

Challenge
Share
Tweet
Embed
Score 0/55 Timer 08:00
1 Play Today
Category Player % Correct
Last Game of Finals (Won):Stephen Curry (37)
98.9%
Last Game of Finals (Won):LeBron James (37)
98.8%
Last Game of Finals (Lost):LeBron James (41)
98.8%
Last Game of Finals (Lost):LeBron James (32)
98.8%
Last Game of Finals (Lost):LeBron James (31)
98.8%
Last Game of Finals (Won):Stephen Curry (34)
96.6%
Last Game of Finals (Won):Kevin Durant (39)
95.7%
Last Game of Finals (Lost):Kevin Durant (32)
95.7%
Last Game of Finals (Won):Michael Jordan (45)
95.3%
Last Game of Finals (Won):Michael Jordan (39)
95.3%
Last Game of Finals (Won):Michael Jordan (33)
95.3%
Last Game of Finals (Won):Michael Jordan (33)
95.3%
Last Game of Finals (Won):Michael Jordan (30)
95.3%
Last Game of Finals (Won):Kobe Bryant (30)
93.5%
Last Game of Finals (Won):Shaquille O'Neal (41)
91.7%
Last Game of Finals (Won):Shaquille O'Neal (34)
91.7%
Last Game of Finals (Won):Magic Johnson (42)
85.2%
Last Game of Finals (Won):Dwyane Wade (36)
84.5%
Last Game of Finals (Lost):Dennis Johnson (33)
84.4%
Last Game of Finals (Won):Tim Duncan (31)
84.2%
Last Game of Finals (Won):Kareem Abdul-Jabbar (32)
80.6%
Last Game of Finals (Lost):Wilt Chamberlain (30)
78.7%
Last Game of Finals (Won):Hakeem Olajuwon (35)
77.7%
Last Game of Finals (Won):Scottie Pippen (32)
76.2%
Last Game of Finals (Lost):Karl Malone (31)
75.8%
Last Game of Finals (Won):Bill Russell (30)
75.3%
Last Game of Finals (Won):Bill Russell (30)
75.3%
Last Game of Finals (Lost):Jerry West (42)
75.2%
Category Player % Correct
Last Game of Finals (Lost):Jerry West (36)
75.2%
Last Game of Finals (Lost):Jerry West (35)
75.2%
Last Game of Finals (Lost):Jerry West (33)
75.2%
Last Game of Finals (Lost):Jerry West (32)
75.2%
Last Game of Finals (Lost):Draymond Green (32)
73.3%
Last Game of Finals (Lost):Allen Iverson (37)
72.1%
Last Game of Finals (Won):James Worthy (36)
58.6%
Last Game of Finals (Lost):James Worthy (40)
58.6%
Last Game of Finals (Lost):Kevin McHale (32)
55.6%
Last Game of Finals (Lost):Julius Erving (30)
54.6%
Last Game of Finals (Lost):Julius Erving (40)
54.6%
Last Game of Finals (Lost):Elgin Baylor (41)
51%
Last Game of Finals (Lost):Elgin Baylor (30)
51%
Last Game of Finals (Won):John Havlicek (40)
49.7%
Last Game of Finals (Won):Oscar Robertson (30)
46.8%
Last Game of Finals (Won):Bob Pettit (50)
45.1%
Last Game of Finals (Lost):Bob Pettit (39)
45.1%
Last Game of Finals (Won):George Mikan (40)
44.7%
Last Game of Finals (Won):Walt Frazier (36)
33.3%
Last Game of Finals (Lost):Walt Frazier (31)
33.3%
Last Game of Finals (Lost):Kenyon Martin (35)
28.1%
Last Game of Finals (Lost):Rick Barry (44)
27.2%
Last Game of Finals (Lost):Latrell Sprewell (35)
26.4%
Last Game of Finals (Won):Tom Heinsohn (37)
18%
Last Game of Finals (Won):Jamaal Wilkes (37)
13.9%
Last Game of Finals (Won):Bailey Howell (30)
4.2%
Last Game of Finals (Lost):George Yardley (30)
3.7%

You're not logged in!

Compare scores with friends on all Sporcle quizzes.
OR
Log In

You Might Also Like...

Show Comments

Extras

Top Quizzes Today


Score Distribution

Your Account Isn't Verified!

In order to create a playlist on Sporcle, you need to verify the email address you used during registration. Go to your Sporcle Settings to finish the process.

Report this User

Report this user for behavior that violates our Community Guidelines.

Details: